000 00343 a2200157 4500
001 179625
020 _a
040 _cMagnum
100 _aLadeira, Julieta Godoy
240 1 0 _aO galo que perdeu o canto
_lpor
245 1 0 _aO galo que perdeu o canto
362 0 _a1899
440 1 _aModerna
697 _aMAGNITO: IJ/GERAL
942 _cBK
999 _c179625
_d179625